000 01099nam a2200277Ia 4500
003 GCL
008 140319s9999 xx 000 0 ara d
040 _aGCL /
_cGCL
082 0 4 _a326
_bا م
100 1 _aاحمد فؤاد بلبع
245 1 0 _aمؤسسة الرق من فجر البشرية حتى الالفية الثالثة :
_bالجزء الاول من نشاة الرق حتى مطلع الاسلام /
_cاحمد فؤاد بلبع
260 _aالقاهرة :
_bالمجلس الاعلى للثقافة ،
_c2003
300 _a411 ص ؛
_c24 سم
650 0 4 _aالرقيق
650 0 4 _aتجارة الرقيق
650 0 4 _aالرقيق - الصين
650 0 4 _aالرقيق - اليابان
650 0 4 _aالرقيق - الهند
650 0 4 _aالرقيق - بلاد وادى النهرين
650 0 4 _aالرقيق - اليونان
650 0 4 _aالرقيق - الرومان
650 0 4 _aالرقيق فى المسيحية
650 0 4 _aالرقيق - عادات وتقاليد
650 0 4 _aالرقيق - السلوك الجنسى
942 _2ddc
_cBK
999 _c32925
_d32925